| 000 | 02089nam0a2200361 4500 | ||
|---|---|---|---|
| 001 | RU\NLR\bibl\1912859 | ||
| 005 | 20260407231912.0 | ||
| 010 |
_a978-5-91650-043-1 _9500 |
||
| 021 |
_aRU _b2012-35131 _92611 |
||
| 035 | _a(NLR Aleph) 001902388 | ||
| 090 |
_a3065513 _c3065513 |
||
| 100 | _a20120607d2010 |||y0rusy50 ca | ||
| 101 | 0 | _arus | |
| 102 | _aRU | ||
| 105 | _aa ||||||||| | ||
| 200 | 1 |
_aМатематика 10 _eдесятый класс _eтри уровня обучения _eобщеобразовательная школа _eучебник _f[В.С. Белоносов, В.В. Козлов, А.А. Мальцев и др.] _gпод ред. В. В. Козлова и А. А. Никитина _gУчреждение Рос. акад. образования "Ин-т пед. исслед. одаренности детей" |
|
| 210 |
_aНовосибирск _cИПИО РАО _d2010 |
||
| 215 |
_a487 с. _cил. _d21 |
||
| 225 | 1 |
_aМногоуровневое обучение в школе: математика _vвып. 26 |
|
| 300 | _aАвт. указаны на обороте тит.л. | ||
| 606 | 1 |
_aМатематика _jУчебники для средней школы _9922118 _3RU\NLR\auth\6619329 |
|
| 686 | _aВ10я721-1 | ||
| 701 | 1 |
_aБелоносов _bВ. С. _gВладимир Сергеевич _4070 |
|
| 701 | 1 |
_4070 _8rus _7ca _aКозлов _bВ.В. _f1950- _cд-р физ.-мат. наук _gВалерий Васильевич _3RU\NLR\auth\7724082 _97134 |
|
| 701 | 1 |
_aМальцев _bА. А. _gАндрей Анатольевич _4070 |
|
| 702 | 1 |
_4340 _8rus _7ca _aКозлов _bВ.В. _f1950- _cд-р физ.-мат. наук _gВалерий Васильевич _3RU\NLR\auth\7724082 _97134 |
|
| 712 | 0 | 2 |
_4570 _aИнститут педагогических исследований одаренности детей _cНовосибирск _3RU\NLR\AUTH\8810157493 _9810380 |
| 801 | 0 |
_aRU _bNLR _c20120607 _gRCR |
|
| 801 | 1 |
_aRU _bNLR _c20120607 |
|
| 830 | _aавт. по кн. | ||
| 942 | _cBOOK | ||
| 980 | _aNB | ||